| 000 | 00450cam a2200169ua 4500 | ||
|---|---|---|---|
| 020 | _a0-444-41435-5 | ||
| 041 |
_aeng _h |
||
| 082 |
_a631.41 _bBOL/SO |
||
| 100 | _aBolt, G H . | ||
| 245 |
_aSoil chemistry: Basic elements / _cG H Bolt. _hTextual Documents |
||
| 260 |
_aNew York : _bElsevier Scientific Publishing Company , _c1981. |
||
| 300 | _a281 ; . | ||
| 504 | _a | ||
| 700 | 1 | _aBruggenwert, M G M . | |
| 942 | _cBK | ||
| 999 |
_c10749 _d10749 |
||